000 01126nam a2200241Ia 4500
003 Ost
005 20260507075803.0
008 260507s9999||||xx |||||||||||||| ||und||
020 _a9789957005580
040 _cfsecg
041 _aara
082 _a332.642
100 _aشريط، صلاح الدين
_eمؤلف
245 0 _aمبادئ الأسواق المالية /
_c صلاح الدين شريط
260 _aعمان:
_bدار الشروق للنشر والتوزيع,
_c2014
300 _a207 صفحة؛
_bإيضاحات ؛
_c23 سم
504 _aبيبليوغرافيا: ص ص.201-207
520 _aيضم الأسواق نظرة شاملة، الأسواق النقدية، أسواق رأس المال، التعامل في أسواق رأس المال والمتعاملون فيها، المشتقات المالية، مؤشرات أسواق الأوراق المالية، كفاءة الأسواق المالية، لمحة عن تقييم الأسهم والسندات.
653 _aالأوراق المالية
653 _aالبنوك
653 _aالبورصات
942 _cكتاب
999 _c46348
_d46348